[Event "Charlotte Carolinas op"]
[Site "Charlotte"]
[Date "2024.06.09"]
[Round "5"]
[White "Rajagopal, Adharsh"]
[Black "Moorhouse, Will"]
[Result "0-1"]
[WhiteElo "1947"]
[BlackElo "1959"]
[PlyCount "84"]
[EventDate "2024.06.07"]
[EventType "swiss"]
[EventRounds "5"]
[EventCountry "USA"]
[SourceTitle "CBM 220 Extra"]
[Source "ChessBase"]
[SourceDate "2024.07.31"]
[SourceVersion "1"]
[SourceVersionDate "2024.07.31"]
[SourceQuality "1"]

1. d4 Nf6 2. c4 e6 3. Nc3 Bb4 4. Qc2 Nc6 5. Nf3 d6 6. e4 Bxc3+ 7. bxc3 e5 8. dxe5 Nxe5 9. Nxe5 dxe5 10. Ba3 Nd7 11. Rd1 Qf6 12. c5 Qc6 13. Bc4 Nxc5 14. Rd5 Nd7 15. Qb3 Qf6 16. 0-0 Nb6 17. Bb5+ c6 18. Rd6 Be6 19. Qb4 cxb5 20. Qxb5+ Bd7 21. Qb4 Qg5 22. Rd3 0-0-0 23. Qa5 Bc6 24. Rg3 Qd2 25. Bc1 Qc2 26. Re3 Nc4 27. Qxa7 Nxe3 28. Bxe3 Rd1 29. f3 Rxf1+ 30. Kxf1 Rd8 31. Qa8+ Kd7 32. Qa5 f6 33. Bb6 Qd3+ 34. Kf2 Rc8 35. Qb4 Ra8 36. Qb3 Qd2+ 37. Kg3 Qxa2 38. Qd1+ Ke6 39. Bc5 Qb2 40. Qd6+ Kf7 41. Bb4 Ra2 42. Qe7+ Kg6 0-1

[Event "Charlotte Carolinas op"]
[Site "Charlotte"]
[Date "2023.06.11"]
[Round "5"]
[White "Rajagopal, Adharsh"]
[Black "Kaplan, Avi Harrison"]
[Result "1/2-1/2"]
[WhiteElo "1830"]
[BlackElo "2110"]
[PlyCount "67"]
[EventDate "2023.06.09"]
[EventType "swiss"]
[EventRounds "5"]
[EventCountry "USA"]
[SourceTitle "CBM 214 Extra"]
[Source "ChessBase"]
[SourceDate "2023.07.31"]
[SourceVersion "1"]
[SourceVersionDate "2023.07.31"]
[SourceQuality "1"]

1. d4 Nf6 2. c4 c5 3. d5 e6 4. Nc3 exd5 5. cxd5 d6 6. e4 g6 7. Bd3 Bg7 8. h3 0-0 9. Nf3 b5 10. Bxb5 Nxe4 11. Nxe4 Qa5+ 12. Nfd2 Qxb5 13. Nxd6 Qa6 14. N2c4 Nd7 15. 0-0 Ne5 16. Nxe5 Bxe5 17. Nxc8 Raxc8 18. Qc2 Bh2+ 19. Kxh2 Qxf1 20. Rb1 Rfe8 21. Be3 Qa6 22. Rd1 Qd6+ 23. Kg1 f5 24. b3 Re4 25. Qc3 f4 26. Bc1 Qe5 27. Qc2 Re1+ 28. Rxe1 Qxe1+ 29. Kh2 Qe5 30. Bb2 Qxd5 31. Qc3 Qd4 32. Qc2 Qd5 33. Qc3 Qd4 34. Qc2 1/2-1/2

[Event "Charlotte Carolinas op"]
[Site "Charlotte"]
[Date "2021.06.18"]
[Round "1"]
[White "Rajagopal, Adharsh"]
[Black "Zapata, Alonso"]
[Result "0-1"]
[WhiteElo "1725"]
[BlackElo "2421"]
[PlyCount "104"]
[EventDate "2021.06.18"]
[EventType "swiss"]
[EventRounds "5"]
[EventCountry "USA"]
[SourceTitle "CBM 203 Extra"]
[Source "ChessBase"]
[SourceDate "2021.09.30"]
[SourceVersion "1"]
[SourceVersionDate "2021.09.30"]
[SourceQuality "1"]

1. d4 f5 2. c4 Nf6 3. Nf3 g6 4. g3 Bg7 5. Bg2 d6 6. 0-0 c6 7. b3 0-0 8. Bb2 Qe8 9. Nc3 e5 10. dxe5 dxe5 11. Ba3 Rf7 12. Ng5 Rd7 13. Qc2 h6 14. Nh3 Na6 15. Rad1 Rxd1 16. Rxd1 Be6 17. f3 Rd8 18. Nf2 Bf8 19. Bxf8 Qxf8 20. Nd3 Nb4 21. Nxb4 Rxd1+ 22. Qxd1 Qxb4 23. Qd2 Kf7 24. Qe3 Nd7 25. Kf2 a5 26. Nd1 Qc5 27. f4 exf4 28. gxf4 Qd6 29. Ke1 a4 30. Qd2 Qc5 31. Qe3 Qa3 32. Qc3 Qc5 33. Qe3 Qd6 34. Qd2 Qe7 35. Qc3 axb3 36. axb3 Qa3 37. Qb2 Qc5 38. e3 Qb4+ 39. Qc3 Qxc3+ 40. Nxc3 Nc5 41. e4 Nxb3 42. exf5 gxf5 43. Bf1 Ke7 44. Nd1 Kd6 45. Ne3 Kc5 46. Bh3 Nd4 47. Bf1 Kb4 48. Kf2 Kc3 49. Bh3 Kd2 50. c5 Kd3 51. Bg2 Nb3 52. Bh3 Ke4 0-1